000 01083cam a22003137a 4500
003 CHAP
005 20220329135716.0
008 971013s1994 r 00010 d
010 _a40927
011 _a41899
035 _a46025
040 _cCHAP
090 _aTesis
100 0 0 _aBautista Higareda, Ernesto.
_910922
245 1 3 _aLa seguridad fitosanitaria internacional en la aduana marítima del Puerto de Progreso de Castro, Yucatán
260 _aChapingo, Méx. :
_bEl autor,
_c1994
300 _a62 h.
502 _aTesis (Ing. Agr. Esp. en Parasitología Agrícola) -- UACH. Departamento de Parasitología Agrícola
590 _aALEPH
_b10
_c20130110
_lUCH01
_h1310
590 _aBATCH-UPD
_b10
_c20130110
_lUCH01
_h0301
590 _aBATCH-UPD
_b10
_c20130110
_lUCH01
_h1909
590 _aCONVERSION
_b10
_c20130109
_lUCH01
_h1323
650 1 4 _aPlantas
_xCuarentena.
_988811
650 1 4 _aSanidad vegetal.
_9102224
901 _aBK
942 _cFOLL
949 _bBC
_cTES
_d-104984
_eTS1
_h30454
_i46025
_si
949 _bBC
_cTES
_d33724000005534
_eTS2
_fc.2
_h30455
_i46025
_si
999 _c40927
_d40927